Statistics for Capital Cities with Similar Names

Click here to take the quiz!

General Stats

  • This quiz has been taken 54 times
  • The average score is 15 of 20

Answer Stats

HintCapitals% Correct
4 of their 5 letters are D, A, K, ADhaka
96%
4 of their 5 letters are D, A, K, ADakar
90%
Add two letters to Switzerland's capital to spell its neighbor'sBerlin
86%
4-letter capitals with consonants L and MLima
84%
W capitals named for military commandersWellington
82%
Start off with a "Bang"Bangkok
80%
Add two letters to Switzerland's capital to spell its neighbor'sBern
80%
Caribbean capitals whose spelling differs by only one letterKingston
80%
Bordering "Lu-" capitalsLuanda
80%
Bordering "Lu-" capitalsLusaka
80%
Caribbean capitals whose spelling differs by only one letterKingstown
78%
W capitals named for military commandersWashington
76%
Bordering "Bu-" capitalsBucharest
73%
Bordering "Bu-" capitalsBudapest
69%
4-letter capitals with consonants L and MLomé
67%
T capitals in Eurasian countries with an Indo-European official languageTehran
59%
Start off with a "Bang"Bangui
55%
African capitals whose names mean the same thing in English and FrenchFreetown
55%
African capitals whose names mean the same thing in English and FrenchLibreville
51%
T capitals in Eurasian countries with an Indo-European official languageTirana
37%

Score Distribution

Percentile by Number Answered

Percent of People with Each Score

Your Score History

You have not taken this quiz